Gares de la ligne du LEB (Lausanne - Bercher) - Statistiques

Statistiques générales
  • Ce quiz a été pris 45 fois
  • Le résultat moyen est 13 sur 17
Statistiques - réponses
Réponse % Correct
Lausanne-Flon
100%
Lausanne-Chauderon
93%
Prilly-Chasseur
87%
Assens
80%
Romanel-sur-Lausanne
80%
Union-Prilly
80%
Céry-Fleur-de-Lys
77%
Jouxtens-Mézery
77%
Cheseaux-sur-Lausanne
73%
Fey
73%
Bel-Air LEB
70%
Sugnens
70%
Vernand-Camarès
70%
Etagnières
67%
Grésaley
57%
Les Ripes
57%
Sur Roche
53%
Aucun quiz correspondant
Distribution des résultats
% des personnes avec chaque résultat
Percentile par nombre de réponses
Votre historique - résultats
Vous n’avez pas pris ce quiz